000
00333nam a22001577a 4500
003
SGT
020
_a
9780199479313
082
_a
820,ALB
100
_a
ALBERT, EDWARD
245
_a
HISTORY OF ENGLISH LITERATURE
250
_a
5TH
260
_a
INDIA
_b
OXFORD
_c
2019
300
_a
730
650
_a
ENGLISH
942
_2
ddc
_c
BK
_0
15
999
_c
19574
_d
19574